000 00497nam a2200205 a 4500
001 BRCA_3555
005 20190320204330.0
008 030809s1962----nyu#---###---#000-0#eng-#
041 _aeng
044 _anyu
050 4 _aPZ3
_p.R46 1962
100 1 _aRenault, Mary
_99225
245 1 0 _aThe Bull from the sea
_cMary Renault.
260 _aNew York
_bPantheon Books
_c1962
300 _a343 p.
_c22 cm.
500 _aB223
650 1 4 _aTheseus
_vNovela
_99226
902 _aGFM
942 _2lcc
_cB
999 _c3290
_d3290